| 000 | 01037nam a2200253 a 4500 | ||
|---|---|---|---|
| 999 |
_c12363 _d12363 |
||
| 001 | 12363 | ||
| 003 | BD-JhCC | ||
| 005 | 20211109094227.0 | ||
| 008 | 211109s20002019bg |||| |||| 00| 0 ban d | ||
| 020 | _a9847035001104 | ||
| 035 | _a(BD-JhCC)12363 | ||
| 040 |
_aBD-JhCC _dBD-JhCC |
||
| 041 | _aBangla | ||
| 082 |
_a297.74 _bALI 2019 |
||
| 100 | _aআলি ইবনে আবি তালিব | ||
| 245 |
_aনাহ্জ আল-বালাঘা / _cআলি ইবনে আবি তালিব, সঙ্কলনে আশ-শরীফ আর-রাজী, অনুবাদ জেহাদুল ইসলাম |
||
| 260 |
_aঢাকা : _bর্যামন পাবলিশার্স, _c২০১৯। |
||
| 300 |
_a৪৮০ পৃ. : _c২২ সেমি. |
||
| 504 | _aগ্রন্থপঞ্জি অর্ন্তভূক্ত। | ||
| 650 | _aDawah (islam) | ||
| 700 | _aআর-রাজী, আশ-শরীফ | ||
| 700 | _aইসলাম, জেহাদুল | ||
| 942 |
_2ddc _cBK |
||